00346cam a22001337a 4500008004000000082001200040100001800052245004000070260002800110300000900138650001400147650002800161650002300189180718b1965 xxu||||| |||| 00| 0 eng d aB2 Sa48 aSampson, R.V. aEquality and powercby R.V. Sampson aLondonbHeinemannc1965 a247p aEquality. aPower (Social sciences) aPower (Philosophy)